United States Constitution and the Alabama Constitution of 1901

Bibliographic Details
Corporate Author: Estados Unidos
Format: Unknown
Language:English
Published: [St. Paul, Minn.] : West Group, [19--?]
Subjects:
Online Access:Acceso restringido

MARC

LEADER 00000ny a22000003n 4500
005 20110623112239.0
008 100311s1901 us 001 0 eng
035 |a 1311 
040 |a DLC  |c DLC  |d vLex 
090 |c 1044  |d 1044 
110 1 |a Estados Unidos 
240 1 0 |a Constitution 
245 3 0 |a United States Constitution and the Alabama Constitution of 1901  |h [Recurso electrn̤ico]  |c prepared under the supervision of the Legislative Council, Jerry L. Bassett, Code Commissioner 
246 3 0 |a Alabama Constitution of 1901 
246 3 0 |a U.S. Constitution and the Alabama Constitution of 1901 
256 |a Servicio en ln̕ea 
260 |a [St. Paul, Minn.] :  |b West Group,  |c [19--?] 
651 4 |a Estados Unidos  |x Constitucin̤ 
740 0 |a vLex Libros (Servicios en ln̕ea) 
856 4 0 |z Acceso restringido  |u http://vlex.com/source/1311 
942 |c BOOK 
999 0 |a Constitutions  |z Alabama. 
999 0 |a Constitutions  |z United States.